Estudios sobre iconología

Uloženo v:
Podrobná bibliografie
Hlavní autor: Panofsky, Erwin (autor)
Médium: Kniha
Jazyk:španělština
Vydáno: Madrid Alianza 1972
Edice:Alianza Universitaria, 12
Témata:
Tagy: Přidat tag
Žádné tagy, Buďte první, kdo vytvoří štítek k tomuto záznamu!

MARC

LEADER 00000nam a2200000 a 4500
001 UCG4503
003 CL-VaPUC
008 101104e19720000SP |||||||||||||||||spa|d
082 0 4 |a 704.9  |b PAN  |2 21 
100 |a Panofsky, Erwin  |e autor  |9 322726 
245 1 0 |a Estudios sobre iconología 
300 |a 350 p 
942 |c BK 
945 |d 20101104 00:00:00  |a mfarfan 
260 |a Madrid  |b Alianza  |c 1972 
650 7 |a ICONOLOGIA  |2 CL-VaPUC  |9 265399 
650 0 |a Arte renacentista   |9 264949 
650 0 |a Humanismo  |9 256530 
583 |a last modification  |c 20101104 00:00:00  |k Rodrigo Vera 
490 0 |a Alianza Universitaria, 12 
999 |c 343205  |d 343203 
952 |0 0  |1 0  |4 0  |6 704_900000000000000_PAN_1972  |7 0  |8 A  |9 440304  |a BIBHIS  |b BIBHIS  |d 2019-11-22  |i 4730828  |o 704.9 PAN 1972  |p 4730828  |r 2025-01-20  |w 2019-11-22  |y BK  |k HIS